LEADER 00976nam a2200241 4500 001 000000361588 003 CaOOAMICUS 005 20250211103602.0 008 250207s1998 it a 000 u ita r 020 $a88-384-3090-X 040 $aSeMil$bita 100 1 $aAntier, Jean-Jacques.$0(OLS)http://semarc/name/27839 245 10$aCharles de Foucauld /$cJean Jacques Antier. 264 1$aCasale Monferrato :$bPiemme,$c1998. 300 $a400 p., [8] c. di tav. :$bill. ;$c23 cm 600 14$aFoucauld, Charles : de .$0(OLS)http://semarc/subject/3556 850 $aSeMil 852 $aSeMil$W1$xVenegono$y1$m3H IV 523$j254408$B252543$CSeMilBibl$Z2$F252543 $81 961 $aGianola Graziano - Lascito 996 $6020$a88-384-3090-X$9(OLS)http://semarc/number/302411 996 $6245$aCharles de Foucauld$9(OLS)http://semarc/title/71705 996 $6264$aCasale Monferrato :$bPiemme$9(OLS)http://semarc/publisher/29798 LEADER 01414nam a2200337 i 4500 001 000000070824 003 CaOOAMICUS 005 20251204125252.0 008 080926s1944 it u000 u ita u 013 $a41996 040 $aSeMil$bita 100 0 $aAristoteles,$d<384-322 a.C.>.$0(OLS)http://semarc/name/1263 245 13$aLa metafisica di Aristotele /$ctradotta in latino dal cardinale Bessarione e recata in italiano con note a compendio del commento di san Tommaso d'Aquino dal sac. dott. Giacomo Dal Sasso. 260 $aPadova :$bTipografia del Seminario,$c1944. 300 $aXVI, 477 p. ;$c23 cm. 650 4$aAristotele <384-322 a.C.> . Metafisica.$0(OLS)http://semarc/subject/1263 700 1 $aDal Sasso, Giacomo.$0(OLS)http://semarc/name/17774 700 0 $aB?ssari?n,$c.$0(OLS)http://semarc/name/16263 850 $aSeMil 852 $aSeMil$W1$xVenegono$y1$m2P III 140$j36977$B36977$CSeMilBibl$Z2$F36980 $81 900 0 $aAristotele. 900 1 $aBessarione, Giovanni. 900 1 $aBessarione, Basilio. 900 0 $aBessarion : Nicaenus. 996 $6245$aLa metafisica di Aristotele$9(OLS)http://semarc/title/113769 996 $6260$aPadova :$bTipografia del Seminario$9(OLS)http://semarc/publisher/33223